Modern Genetics
| Main Authors: | , |
|---|---|
| Format: | Section = Libro |
| Language: | Undetermined Spanish |
| Published: |
United States
The Benjamin
1984
|
| Edition: | 2a.ed |
| Subjects: |
| LEADER | 00631nam a2200229Ia 4500 | ||
|---|---|---|---|
| 008 | 240830s9999 xx 000 0 und d | ||
| 020 | |a 0-8053-0316-2 | ||
| 040 | |a CEDOC FIQ-RUSB / 570 A973 | ||
| 041 | |a spa | ||
| 082 | |a 570 A973 | ||
| 100 | 1 | |a Ayala, Francisco J | |
| 100 | 1 | |b Kiger, John A. | |
| 245 | 1 | 0 | |a Modern Genetics |
| 250 | |a 2a.ed | ||
| 260 | |a United States |b The Benjamin |c 1984 | ||
| 300 | |a 923 p.: il. | ||
| 650 | 7 | |a CIENCIAS BIOLÓGICAS | |
| 650 | 7 | |b ORGANIZACIÓN Y TRANSMISIÓN DEL MATERIAL GENÉTICO | |
| 650 | 7 | |c EXPRESIÓN DE LOS MATERIALES GENÉTICOS | |
| 942 | |c BK |2 ddc | ||
| 991 | |a TEXTO | ||
| 999 | |c 27114 | ||